| 000 | 00389nam a22001577a 4500 | ||
|---|---|---|---|
| 005 | 20160426130331.0 | ||
| 008 | 160426b xxu||||| |||| 00| 0 eng d | ||
| 020 | _a978-81-203-3043-6 | ||
| 041 | _aeng | ||
| 082 | _b00100 | ||
| 100 |
_aTana, Hamdy A _958 |
||
| 245 | _aOperations Research an Introduction | ||
| 260 |
_aNew Delhi _bPHI Learning Put. Ltd. _c2007 |
||
| 300 | _a813 | ||
| 942 | _cBK | ||
| 999 |
_c19 _d19 |
||